Countries and Regions of the Himalayas (map quiz) - Statistics

General Stats
  • This quiz has been taken 278 times
  • The average score is 7 of 11
Answers on the Map
Answers color-coded by a green-red scale on the quiz's map according to % correct below.
 
Answer Stats
Regions % Correct
Nepal
99%
Bhutan
96%
Tibet
94%
Jammu and Kashmir
83%
Azad Kashmir
73%
Sikkim
57%
Arunachal Pradesh
42%
Himachal Pradesh
37%
Uttarakhand
34%
Gilgit-Baltistan
29%
Khyber Pakhtunkhwa
24%
No matching quizzes found
Score Distribution
Percent of People with Each Score
Percentile by Number Answered
Your Score History
You have not taken this quiz